000 00499cam a2200205ua 4500
001 8653
008 150210n ii |||gr||||Z||||||eng
020 _a9788131102671
040 _cMAIN
041 _aeng
082 _a410
100 _aJohn, P.,
_eAuthor.,
245 1 _aProblems in language and linguistics
_cBy Patrick John
250 _a1st.
260 _aNew Delhi:
_bCommonwealth,
_c2011.
300 _a278p.
653 _aLinguistics
700 _aChristopher, D.,
_eAuthor.
942 _cBK
999 _c7751
_d7751